Sujeto a la letra a /
Gorde:
| Egile nagusia: | |
|---|---|
| Formatua: | Ezezaguna |
| Hizkuntza: | Spanish |
| Argitaratua: |
Guatemala :
D&M,
1991.
|
| Gaiak: | |
| Etiketak: |
Etiketa erantsi
Etiketarik gabe, Izan zaitez lehena erregistro honi etiketa jartzen!
|
MARC
| LEADER | 000000000a22000000004500 | ||
|---|---|---|---|
| 001 | 004051 | ||
| 041 | 0 | |a spa | |
| 082 | 0 | 4 | |a G861.4 |b N162su |
| 100 | 1 | |a Nájera, Francisco | |
| 245 | 1 | 0 | |a Sujeto a la letra a / |c Francisco Nájera. |
| 260 | 1 | |a Guatemala : |b D&M, |c 1991. | |
| 300 | |a 104 páginas | ||
| 500 | |a La Biblioteca contiene otro ejemplar con número de inscripción 14255 | ||
| 650 | 4 | |a LITERATURA GUATEMALTECA | |
| 650 | 4 | |a POESIA | |
| 999 | |c 10366 |d 10366 | ||
| 942 | |c BK |h G861.4 N162su |2 z | ||
